[Event "Vimercate Weekend 8th"]
[Site "Vimercate"]
[Date "2013.11.23"]
[Round "2"]
[White "Passoni, Carlo"]
[Black "Mandaglio, Stefano"]
[Result "0-1"]
[WhiteElo "2229"]
[BlackElo "1802"]
[PlyCount "86"]
[EventDate "2013.11.22"]
[EventType "swiss"]
[EventRounds "5"]
[EventCountry "ITA"]
[SourceTitle "EXT 2024"]
[Source "ChessBase"]
[SourceDate "2023.10.10"]
[SourceVersion "1"]
[SourceVersionDate "2023.10.10"]
[SourceQuality "1"]

1. e4 d5 2. exd5 Qxd5 3. Nc3 Qd6 4. d4 Nf6 5. Nf3 Bg4 6. Be2 e6 7. 0-0 Be7 8. Bg5 0-0 9. Nb5 Qb6 10. a4 a5 11. Ne5 Bxe2 12. Qxe2 c6 13. Nc4 Qd8 14. Nc3 Qxd4 15. Rfd1 Qc5 16. Be3 Qf5 17. Nb6 Ra6 18. Rd3 Bc5 19. Nc4 Bxe3 20. Rxe3 Nbd7 21. Nd6 Qf4 22. Rd1 Nd5 23. Nxd5 exd5 24. Nxb7 Ra7 25. Rb3 Qc7 26. Qg4 Rxb7 27. Rg3 g6 28. h4 Nf6 29. Qd4 Qd6 30. c4 c5 31. Qd3 d4 32. Rg5 Rxb2 33. Qf3 h5 34. g3 Re8 35. Qd3 Ng4 36. Rf1 Ree2 37. Rd5 Qe7 38. Rg5 Kg7 39. Rxg4 hxg4 40. h5 Rbd2 41. Qb1 Qf6 42. Qb8 Rxf2 43. h6+ Kh7 0-1

[Event "Ceriano Laghetto op-B 22nd"]
[Site "Ceriano Laghetto"]
[Date "2013.03.03"]
[Round "5"]
[White "Nunziata, Vincenzo"]
[Black "Mandaglio, Stefano"]
[Result "1-0"]
[WhiteElo "1673"]
[BlackElo "1815"]
[PlyCount "75"]
[EventDate "2013.03.01"]
[EventType "swiss"]
[EventRounds "5"]
[EventCountry "ITA"]
[SourceTitle "EXT 2024"]
[Source "ChessBase"]
[SourceDate "2023.10.10"]
[SourceVersion "1"]
[SourceVersionDate "2023.10.10"]
[SourceQuality "1"]

1. e4 c5 2. Nf3 d6 3. d4 cxd4 4. Nxd4 Nf6 5. Nc3 a6 6. Be2 e6 7. Be3 Be7 8. 0-0 Qc7 9. Qd2 Nc6 10. Nb3 b5 11. a3 Bb7 12. f4 Rd8 13. Bf3 Nd7 14. Qf2 Bf6 15. Rad1 h6 16. f5 Nce5 17. Bh5 exf5 18. exf5 0-0 19. Nd2 Rfe8 20. Qg3 Kh8 21. Bf2 Qc6 22. Nf3 Nc4 23. Nd4 Be5 24. Nxc6 Bxg3 25. Nxd8 Bxf2+ 26. Kxf2 Rxd8 27. Bxf7 Nde5 28. Bd5 Bc8 29. Bxc4 Nxc4 30. g4 Nxb2 31. Rd4 Kh7 32. Rb1 Nc4 33. a4 Na3 34. Rb2 g6 35. fxg6+ Kxg6 36. axb5 axb5 37. Nxb5 Nxb5 38. Rxb5 1-0